| 000 | 00515nam a22001697a 4500 | ||
|---|---|---|---|
| 008 | 130917t mx||||| |||| 00| 0 spa d | ||
| 020 | _a9685151407 | ||
| 050 | 0 | 4 |
_aHM681 _bY37 2005 |
| 100 | 1 | _aYarce, Jorge | |
| 245 | 1 | 0 |
_aEl poder de los valores : _bque no se queden colgados en las paredes / _cJorge Yarce |
| 250 | _a1a ed. | ||
| 260 |
_aMéxico : _bRuz, _cc2005 |
||
| 300 |
_ax, 297 p. ; _c23 cm. |
||
| 650 | 4 |
_aValores sociales _xCompetencia |
|
| 650 | 4 |
_aAdministración _xPsicología |
|
| 942 |
_2lcc _cLIB |
||
| 999 |
_c41598 _d41598 |
||